000 00586nam a22002177a 4500
999 _c174406
_d174406
005 20200612121231.0
010 _a173034
020 _c3.25
035 _a173034
037 _bCen Lib/Ret
082 _a844
245 _a(مقالات حالی (حصہ اول
246 _aMuqalate Haali (vol.I)
260 _aAligarh
_bAnjuman Taraqqi Urdu Hind
_c1957 ء
300 _a368p.
_c19cm(Hb)
650 _a ادب - اردو
650 _aاردو افسانہ
650 _aLiterature -- Urdu
650 _aUrdu stories
942 _2ddc
_cUR
_h844
_mح ا ل